Atlas geo-histórico universal Balboa

Đã lưu trong:
Chi tiết về thư mục
Định dạng: Sách
Ngôn ngữ:Tiếng Tây Ban Nha
Được phát hành: Barcelona Ramón Sopena 1991
Những chủ đề:
Các nhãn: Thêm thẻ
Không có thẻ, Là người đầu tiên thẻ bản ghi này!

MARC

LEADER 00000nam a2200000 a 4500
001 UCU7413
003 CL-VaPUC
008 960705e19910000SP |||||||||||||||||spa|d
082 0 4 |a 912  |b ATL  |2 21 
245 1 0 |a Atlas geo-histórico universal Balboa 
300 |a 136 p 
942 |c BK 
945 |d 19960705 00:00:00  |a rbrito 
260 |a Barcelona  |b Ramón Sopena  |c 1991 
650 0 |a Mapas  |9 260844 
650 0 |a Historia universal  |9 266877 
650 0 |a Universo  |9 266563 
650 0 |a Vía Láctea   |9 352248 
650 7 |a SISTEMA SOLAR  |2 CL-VaPUC  |9 268650 
650 0 |a Volcanes  |9 344502 
650 0 |a Sismos  |9 348456 
650 7 |a TIERRA  |2 CL-VaPUC  |9 261538 
583 |a last modification  |c 19960705 00:00:00  |k Rodrigo Vera 
999 |c 250067  |d 250065 
952 |0 0  |1 0  |4 0  |6 912_000000000000000_ATL_1991  |7 0  |8 F  |9 267815  |a BIBARQ  |b BIBARQ  |d 2019-11-19  |i 3208702  |o 912 ATL 1991  |p 3208702  |r 2025-01-20  |w 2019-11-19  |y BK_F  |k ARQ